00672nam a2200169 a 450000500170000000800410001702000180005805000260007610000190010224501710012126000320029230000090032450000170033365000100035099900190036095201230037920140412111426.0090626s19uu xx 00 eng d a0-439-43893-4 aTR(GS 808.1bG76 2004 aGrant, Shelley a40 Wonderful blend & digraph poems :bA Delighful collection of poems with an easy to use lesson plan to help young learners build key phonics skills /cShelly Grant. aU.S.A :bScholastic,c2004. a48p. aGrades K - 2 aPoems c106231d106231 00104050aELbELcTRd2009-06-26eGiftg225.00l0oTR(GS 808.1 G76 2004pE11464r2014-04-12 00:00:00w2014-04-12yBK